000 00511nam a2200205Ia 4500
003 OSt
005 20251014115054.0
008 250729s2005 xx 000 0 und d
020 _a978-8171692286
040 _cAL
041 _aeng
082 _a371.333 RAOT
100 _aRao V K
_9222962
245 _aThe nature of educational technology
260 _aNew Delhi
_bCommonwealth Publishers
_c2005
300 _a340p
650 _aTechnology
_9222963
700 _aReddy R S
_9222964
942 _2ddc
_cBED
999 _c235687
_d235687